湖南各地级行政区人均GDP排行 Per capita GDP ranking of cities in Hunan - Statistics

General Stats
  • This quiz has been taken 50 times
  • The average score is 12 of 14
Answer Stats
排名 地市 人均GDP/元 % Correct
1 长沙 135200
100%
2 湘潭 99702
95%
3 岳阳 93654
95%
4 株洲 93284
95%
5 常德 81798
95%
6 郴州 64132
88%
7 衡阳 61973
88%
8 益阳 55318
83%
13 张家界 39306
83%
9 娄底 51065
81%
10 永州 46647
81%
11 怀化 41357
81%
14 湘西 33116
81%
12 邵阳 40341
74%
No matching quizzes found
Score Distribution
Percent of People with Each Score
Percentile by Number Answered
Your Score History
You have not taken this quiz